000 00775nam a22002297a 4500
003 OSt
005 20250707062704.0
008 250707b |||||||| |||| 00| 0 eng d
020 _a9781305971455
040 _aDWCL - Main lib
_cOC
082 _aCirc. 174.4 B873b 2018
100 _aBrooks, Leonard J.
245 _aBusiness and professional ethics for directors, executives & accountants/
_cLeonard J. Brooks
260 _aBoston, MA :
_bCengage Learning,
_cc2018.
300 _axxv, 670 pages :
_b illustrations (color) ;
_c26 cm.
504 _aIncludes index.
650 _a1. Accountants--Professional ethics.
650 _a2. Accounting--Moral and ethics aspects.
650 _a3. Business ethics.
700 _aPaul Dunn
942 _2ddc
_cBK-CIRC
_kCirc.
_n0
999 _c3422
_d3422